Realidad y visión investigativa social-reflexiva del mundo: entre la utopía y lo real más allá de lo pensable /
保存先:
| 第一著者: | |
|---|---|
| フォーマット: | テキスト |
| タグ: |
タグ追加
タグなし, このレコードへの初めてのタグを付けませんか!
|
MARC
| LEADER | 00000 a a2200000 04500 | ||
|---|---|---|---|
| 001 | 10124 | ||
| 003 | |||
| 040 | |||
| 100 | |a Jaillier Castrillón, Erika | ||
| 245 | |a Realidad y visión investigativa social-reflexiva del mundo: |b entre la utopía y lo real más allá de lo pensable / |c Erika Jaillier Castrillón | ||
| 773 | |g número 18; páginas 64-70 | ||
| 999 | |c 33603 |d 33603 | ||
